E-mail noviny pro mezinárodní účetnictví. Prodloužení období pro používání národních účetních standardů

Uložené v:
Podrobná bibliografia
Hlavný autor: Tumpach, Miloš, 1970-
Médium: Kapitola
Jazyk:Czech
Tagy: Pridať tag
Žiadne tagy, Buďte prvý, kto otaguje tento záznam!

MARC

LEADER 00000nla$a2200000$$$4500
001 0054654
005 20240502083137.3
041 0 |a cze 
044 |a CZ 
245 1 0 |a E-mail noviny pro mezinárodní účetnictví. Prodloužení období pro používání národních účetních standardů  |c Miloš Tumpach 
100 1 |a Tumpach, Miloš, 1970-